000 00473nam a2200181Ia 4500
005 20240823030906.0
008 240823s9999||||xx |||||||||||||| ||und||
041 _aENGLISH
082 _A620.106 P9
100 _aBansal R K
245 2 _aA T B of Fluid Mechanics and Hydraulic Machines : S I Units
250 _a9th
260 _c2009
_bLaxmi Publication (P
_aNew Delhi
500 _aTRANSFERED
650 _aMechanical
_bMechanical
942 _cBK
999 _c189772
_d189772